000
00384nam a2200145Ia 4500
008
100204s9999 xx 000 0 und d
082
_b
7233
100
_a
दिघे प्रभाकर
245
_a
धूर
260
_b
"दिलिपराज प्रकाशन, पुणे"
300
_a
96
630
_a
धूर
730
_a
धूर
942
_c
BOOK
999
_c
451670
_d
451667